LEADER 01204nam a2200277 4500 001 000000352124 003 CaOOAMICUS 005 20221125094438.0 008 221104s2020 it 000 u ita r 040 $aSeMil$bita 100 1 $aRavasi, Gianfranco,$c.$0(OLS)http://semarc/name/244 245 13$aIl mistero di Dio /$cGianfranco Ravasi. 264 1$a[Milano] :$bMondadori,$c2020. 300 $a73 p. ;$c19 cm 490 1 $aConversazioni bibliche con Gianfranco Ravasi ;$v38 500 $aVenduto in abbinamento alle testate periodiche Arnoldo Mondadori 500 $aEdizione speciale per Arnoldo Mondadori 650 4$aTrinità - Bibbia.$0(OLS)http://semarc/subject/19446 650 4$aDio - Concezione biblica.$0(OLS)http://semarc/subject/11629 830 0$aConversazioni bibliche con Gianfranco Ravasi ;$v38.$0(OLS)http://semarc/title/441855 850 $aSeMil 852 $aSeMil$W1$xVenegono$y1$m2Z VII 58$j235517$B243305$CSeMilBibl$Z2$F243305 $81 961 $aVitali Nicolò - Lascito 996 $6245$aIl mistero di Dio$9(OLS)http://semarc/title/64978 996 $6264$a[Milano] :$bMondadori$9(OLS)http://semarc/publisher/29662 LEADER 01251nam a2200277 i 4500 001 000000044798 003 CaOOAMICUS 005 20091026000000.0 008 091026s1973 it u000 u ita u 013 $a15968 040 $aSeMil$bita 100 1 $aMoltmann, Jürgen,$d<1926-2024>.$0(OLS)http://semarc/name/10148 240 10$aPerspektiven der Theologie.$0(OLS)http://semarc/title/66410 245 10$aProspettive della teologia :$bsaggi /$cJürgen Moltmann. 260 $aBrescia :$bQueriniana,$c1973. 300 $a350 p. ;$c23 cm. 490 0 $aBiblioteca di teologia contemporanea ;$v16 500 $aRaccolta di scritti già pubblicati in periodici vari. 650 4$aTeologia e società.$0(OLS)http://semarc/subject/9416 650 4$aTeologia - Sec. 20.-21. - Prospettive.$0(OLS)http://semarc/subject/44961 830 0$aBiblioteca di teologia contemporanea ;$v16.$0(OLS)http://semarc/title/14 850 $aSeMil 852 $aSeMil$W1$xVenegono$y1$m2BA M 16$j10953$B10953$CSeMilBibl$Z2$F10953 $81 961 $aVolume con diffuse sottolineature e annotazioni (a matita) 996 $6245$aProspettive della teologia :$bsaggi$9(OLS)http://semarc/title/66409 996 $6260$aBrescia :$bQueriniana$9(OLS)http://semarc/publisher/29615